Groups of Eleven - Statistics

General Stats
  • This quiz has been taken 39,153 times
  • The average score is 36 of 66
Answer Stats
Group Answer % Correct
Football positions Tight End
89%
People on US currency George Washington
88%
People on US currency Abraham Lincoln
85%
Football positions Quarterback
82%
Confederate States Alabama
79%
Countries starting with A Australia
79%
Confederate States Florida
79%
Elements that are gasses Oxygen
79%
Confederate States Georgia
78%
Confederate States South Carolina
78%
Confederate States Texas
78%
Elements that are gasses Helium
76%
Elements that are gasses Hydrogen
76%
Confederate States Mississippi
76%
Confederate States North Carolina
76%
People on US currency Benjamin Franklin
75%
Confederate States Virginia
74%
Countries starting with A Albania
73%
Countries starting with A Austria
72%
Confederate States Tennessee
72%
Confederate States Louisiana
71%
Countries starting with A Argentina
70%
Countries starting with A Azerbaijan
69%
Countries starting with A Armenia
68%
Ocean's 11 actors (2001) George Clooney
68%
People on US currency Thomas Jefferson
68%
Countries starting with A Algeria
67%
Countries starting with A Andorra
67%
Elements that are gasses Nitrogen
67%
Countries starting with A Afghanistan
66%
Countries starting with A Angola
65%
Confederate States Arkansas
64%
Ocean's 11 actors (2001) Brad Pitt
62%
Football positions Halfback
62%
Elements that are gasses Neon
60%
Countries starting with A Antigua and Barbuda
56%
People on US currency Franklin D. Roosevelt
56%
Football positions Wide Receiver
55%
Football positions Wide Receiver
55%
People on US currency Andrew Jackson
51%
Football positions Center
48%
Elements that are gasses Argon
47%
Ocean's 11 actors (2001) Matt Damon
47%
Football positions Fullback
46%
People on US currency Alexander Hamilton
44%
People on US currency John F. Kennedy
43%
People on US currency Ulysses S. Grant
42%
Elements that are gasses Xenon
42%
Football positions Left Tackle
34%
Football positions Right Tackle
34%
Football positions Left Guard
32%
Football positions Right Guard
32%
Elements that are gasses Radon
31%
Elements that are gasses Fluorine
28%
Elements that are gasses Krypton
28%
Elements that are gasses Chlorine
27%
People on US currency Sacagawea
24%
Ocean's 11 actors (2001) Casey Affleck
21%
Ocean's 11 actors (2001) Don Cheadle
19%
People on US currency Susan B. Anthony
19%
Ocean's 11 actors (2001) Bernie Mac
15%
Ocean's 11 actors (2001) Elliot Gould
11%
Ocean's 11 actors (2001) Scott Caan
11%
Ocean's 11 actors (2001) Carl Reiner
7%
Ocean's 11 actors (2001) Eddie Jemison
4%
Ocean's 11 actors (2001) Shaobo Qin
3%
No matching quizzes found
Score Distribution
Percent of People with Each Score
Percentile by Number Answered
Your Score History
You have not taken this quiz